[Event "2015: The Year Of Darkcoin"]
[Site "SchemingMind.com"]
[Date "2014.12.30"]
[Round "-"]
[White "Eric Caesar"]
[Black "clare1347"]
[Result "1/2-1/2"]
[WhiteCountry "NED"]
[BlackCountry "ENG"]
[WhiteElo "1955"]
[WhiteRD "79"]
[BlackElo "2233"]
[BlackRD "78"]
[GameID "372177"]

1. d4 d5 2. Nf3 Nf6 3. e3 c5 4. c3 e6 5. Bd3 Nc6 6. Nbd2 Bd7 7. O-O Bd6 8. dxc5 Bxc5 9. e4 dxe4 10. Nxe4 Nxe4
11. Bxe4 Qc7 12. Qe2 O-O-O 13. b4 Bd6 14. Be3 f5 15. Bxc6 Bxc6 16. Bxa7 Bxf3 17. gxf3 Bxh2+ 18. Kg2 Rhe8 19. a4 Bf4 20. Rfd1 Qc6
21. b5 Qxc3 22. Ra2 Rxd1 23. Rc2 Rc1 24. Rxc3+ Rxc3 25. a5 g5 26. a6 bxa6 27. bxa6 Rc6 28. Qb5 Kd7 29. Bb6 Rb8 30. a7 Rxb6
31. Qxb6 Rxb6 32. a8=Q h5 33. Qa7+ Kc6=
1/2-1/2